Introducción a la Mecánica de sólidos
| Main Author: | |
|---|---|
| Format: | Section = Libro |
| Language: | Undetermined Spanish |
| Published: |
México
Limusa/Noriega
1999
|
| Subjects: |
| LEADER | 00826nam a2200277Ia 4500 | ||
|---|---|---|---|
| 008 | 240830s9999 xx 000 0 und d | ||
| 020 | |a 968-18-0494-5 | ||
| 040 | |a B-ESTELÍ- RUACS / 531 P829 | ||
| 041 | |a spa | ||
| 082 | |a 531 P829 | ||
| 100 | 1 | |a Popov, Egor P. | |
| 245 | 1 | 0 | |a Introducción a la Mecánica de sólidos |
| 260 | |a México |b Limusa/Noriega |c 1999 | ||
| 300 | |a 652 p.:il | ||
| 650 | 7 | |a MECÁNICA DE SÓLIDOS | |
| 650 | 7 | |b FUERZA AXIAL - CORTANTE - MOMENTO FLEXIONANTE | |
| 650 | 7 | |c ESFUERZO - CARGAS AXIALES | |
| 650 | 7 | |d DEFORMACIÓN - LEYES CONSTITUTIVAS | |
| 650 | 7 | |e TORSIÓN | |
| 650 | 7 | |f ESFUERZOS - FLEXIÓN - CORTANTES - COMBINADOS | |
| 650 | 7 | |g DEFLEXIONES | |
| 650 | 7 | |h MÉTODOS DE ENERGÍA | |
| 650 | 7 | |i PANDEO DE COLUMNAS | |
| 942 | |c BK |2 ddc | ||
| 991 | |a TEXTO | ||
| 999 | |c 11026 | ||